Tội phạm về môi trường : Một số vấn đề lý luận và thực tiễn (Sách tham khảo)
Phân tích những luận cứ khoa học và thực tiễn của việc quy định trách nhiệm hình sự đối với tội phạm về môi trường; đặc điểm, đặc trưng, các yếu tố cấu thành tội phạm, thực trạng tội phạm môi trường và công tác đấu tranh phòng ch...
Guardat en:
| Autor principal: | |
|---|---|
| Format: | Llibre |
| Idioma: | Undetermined |
| Publicat: |
Hà Nội
Chính trị Quốc gia
2004
|
| Matèries: | |
| Etiquetes: |
Afegir etiqueta
Sense etiquetes, Sigues el primer a etiquetar aquest registre!
|
| Thư viện lưu trữ: | Trung tâm Học liệu Trường Đại học Cần Thơ |
|---|
| LEADER | 01285nam a2200205Ia 4500 | ||
|---|---|---|---|
| 001 | CTU_91630 | ||
| 008 | 210402s9999 xx 000 0 und d | ||
| 082 | |a 364.14 | ||
| 082 | |b L462 | ||
| 100 | |a Phạm, Văn Lợi | ||
| 245 | 0 | |a Tội phạm về môi trường : | |
| 245 | 0 | |b Một số vấn đề lý luận và thực tiễn (Sách tham khảo) | |
| 245 | 0 | |c Phạm Văn Lợi | |
| 260 | |a Hà Nội | ||
| 260 | |b Chính trị Quốc gia | ||
| 260 | |c 2004 | ||
| 520 | |a Phân tích những luận cứ khoa học và thực tiễn của việc quy định trách nhiệm hình sự đối với tội phạm về môi trường; đặc điểm, đặc trưng, các yếu tố cấu thành tội phạm, thực trạng tội phạm môi trường và công tác đấu tranh phòng chống tội phạm môi trường; dự báo khoa học và kiến giải các biện pháp nhằm hoàn thiện pháp luật và các biện pháp nhằm đấu tranh phòng chống các tội phạm môi trường. | ||
| 650 | |a Offenses againts the environment | ||
| 904 | |i Minh | ||
| 980 | |a Trung tâm Học liệu Trường Đại học Cần Thơ | ||